00909cam a2200277 i 4500001000700000003000400007005001700011008004100028010001700069015001000086020002800096040001800124050001500142082000800157100002100165245004600186260006400232300003200296490003900328500002000367504003000387650002800417650002600445856007400471856008600545347051GZU20210429093043.0771012s1977 enka b 001 0 eng  a 76062588  aGB*** a052121582X.a0521291887 aDLCcDLCdDLC00aP140b.B9500a4101 aBynon, Theodora.10aHistorical linguistics /cTheodora Bynon. aCambridge ;aNew York :bCambridge University Press,c1977. ax, 301 p. :bill. ;c24 cm.0 aCambridge textbooks in linguistics aIncludes index. aBibliography: p. 281-294. 0aHistorical linguistics. 0aLanguages in contact.413Table of contentsuhttp://www.loc.gov/catdir/toc/cam023/76062588.html423Publisher descriptionuhttp://www.loc.gov/catdir/description/cam022/76062588.html